000 00836 a2200205 4500
003 NUST
005 20230525125224.0
010 _a 80021496
020 _a0030578884 :
040 _cNust
082 0 0 _a004.16,CLA
100 1 _aClark, Jon D.
_9112608
245 1 0 _aComputer system selection :
_ban integrated approach /
_cJon D. Clark, Arnold Reisman.
260 _aNew York :
_bPraeger,
_c1981.
300 _axiii, 220 p. ;
_c25 cm.
505 _aIntroduction (Page-1), Problem Definition And Formulation (Page-7), Financial Considerations (Page-15), Taxation Considerations (Page-41), A General Decision Model (Page-67), The Criterion Function (Page-81), A Case Study (Page-97).
650 0 _aElectronic digital computers
_xPurchasing.
_9112609
700 1 _aReisman, Arnold,
_d1934 Aug. 2-
_9112610
942 _2ddc
_cBK
_k004.16,CLA
999 _c193290
_d193290